| 000 | 00369nam a22001337a 4500 | ||
|---|---|---|---|
| 999 |
_c12949 _d12949 |
||
| 008 | 211228b ||||| |||| 00| 0 eng d | ||
| 100 |
_91282 _aMuthuswamy, P. |
||
| 245 | 1 | 0 | _aManual on establishment and administration |
| 250 | _a3rd ed. | ||
| 260 |
_aMadras: _bSwamy Publications, _c1991. |
||
| 300 | _a806 p. | ||
| 650 | 0 | _aPublic Administration - India | |
| 942 | _cBK | ||